| 000 | 00990nam a2200229Ia 4500 | ||
|---|---|---|---|
| 003 | OSt | ||
| 005 | 20250703114533.0 | ||
| 008 | 191128s2017 ck a gr 000 0 spa d | ||
| 040 |
_aCO-JMCR _cCO-JMCR |
||
| 041 | _aspa | ||
| 082 |
_aA-P _bPOEp4 |
||
| 245 | 0 | 0 |
_aPoetas franceses / _cAlfonso Carvajal, compilador |
| 250 | _aPrimera edición | ||
| 260 |
_aBogotá : _bUniversidad Externado de Colombia, _c2017 |
||
| 300 |
_a119 páginas : _bilustraciones a blanco y negro ; _c 21 cm. |
||
| 490 | 0 |
_aCuadernos culturales _vNo. 10 |
|
| 500 | _aIncluye datos biográficos de los autores al final del texto | ||
| 520 | 3 | _aReune en sus páginas un abanico de escritores franceses, comenzando por el célebre y desconocido Francois Villon, "patriarca de los poetas malditos de todos los tiempos, caudillo de la revuelta estudiantil en la Universidad de París, en el último siglo de | |
| 650 | 1 | 4 |
_aPoesía francesa _97738 |
| 700 |
_aCarvajal, Alfonso, _ecompilador _99469 |
||
| 942 |
_2ddc _cBK |
||
| 999 |
_c4521 _d4521 |
||